| 000 | 00638nam a2200241 a 4500 | ||
|---|---|---|---|
| 001 | 0001-1061 | ||
| 003 | ELIB.Books | ||
| 008 | 141210 2010 eng | ||
| 020 | _a9780801072185 | ||
| 035 | _a(ELIB.Books)0001-1216 | ||
| 092 |
_a254.8 _bSea |
||
| 100 | _aSearcy, Nelson. | ||
| 245 |
_aMaximize: _bHow to Develop Extravagant Givers In Your Church |
||
| 260 |
_aGrand Rapids _bBaker Book _c2010 |
||
| 300 |
_a227 _c21.5 Cm |
||
| 500 | _aC/o Moe Lwai | ||
| 650 | _aAdministration | ||
| 856 |
_nKBTS; Library _uKBTS; Elib. |
||
| 942 |
_2ddc _cBK |
||
| 990 | _a1 | ||
| 998 |
_cbat _e2014-12-10 |
||
| 999 |
_c11061 _d11061 |
||